| 000 | 01004cam a2200289 i 4500 | ||
|---|---|---|---|
| 999 |
_c7476 _d7476 |
||
| 001 | 7476 | ||
| 003 | BD-JhCC | ||
| 005 | 20180210185219.0 | ||
| 008 | 131029t20152015nyua 001 0 eng | ||
| 020 | _a9780073532271 | ||
| 020 | _a0073532274 | ||
| 035 | _a(BD-JhCC)7476 | ||
| 040 |
_aDLC _erda _cDLC _dOCLCF _dUkCU _dBD-JhCC |
||
| 041 | _aeng | ||
| 050 | 0 | 0 |
_aQH308.2 _b.B75 2015 |
| 082 | 0 | 0 |
_a570 _223 _bBRO 2015 |
| 100 | 1 | _aBrooker, Robert J., | |
| 245 | 1 | 0 |
_aPrinciples of biology / _cRobert J. Brooker (University of Minnesota-Minneapolis), Eric P. Widmaier (Boston University), Linda E. Graham (University of Wisconsin-Madison), Peter D. Stiling (University of South Florida). |
| 300 |
_a1 volume (various pagings) : _bcolour illustrations ; _c29 cm |
||
| 500 | _aIncludes index. | ||
| 650 | 0 |
_aBiology _vTextbooks. |
|
| 700 | 1 | _aWidmaier, Eric P., | |
| 700 | 1 |
_aGraham, Linda E., _d1946- |
|
| 700 | 1 | _aStiling, Peter D., | |
| 942 |
_2ddc _cBK |
||